| 000 | 00858nmm a2200313 a 4500 | ||
|---|---|---|---|
| 003 | AR-BaBNM | ||
| 005 | 20251128210558.0 | ||
| 008 | 300020s1999 ||||||||||||||000 | spa|| | ||
| 020 | _a950-07-1532-5 | ||
| 040 | _cAR-BaBNM | ||
| 100 | 1 | _aSoros, George | |
| 245 | 1 | 0 |
_aLa crisis del capitalismo global _bla sociedad abierta en peligro |
| 250 | _a2ª ed. | ||
| 260 |
_aBuenos Aires _bSudamericana _c1999 |
||
| 300 | 0 |
_a277 p. _bgráfs. |
|
| 650 | 4 | _aHISTORIA ECONOMICA | |
| 650 | 4 | _aECONOMIA | |
| 650 | 4 | _aANALISIS ECONOMICO | |
| 650 | 4 | _aMERCADOS FINANCIEROS | |
| 650 | 4 | _aSISTEMAS ECONOMICOS INTERNACIONALES | |
| 650 | 4 | _aPOLITICA ECONOMICA | |
| 650 | 4 | _aCAPITALISMO | |
| 650 | 4 | _aCRECIMIENTO ECONOMICO | |
| 650 | 4 | _aLIBERALISMO | |
| 653 | _aGLOBALIZACION | ||
| 700 | 1 |
_aChueca, Fabián _etraductor |
|
| 942 | _cBK | ||
| 998 | _cMariana | ||
| 999 |
_c16027 _d16027 |
||